[Event "Northumbria Masters 2018"]
[Site "Newcastle upon Tyne"]
[Date "2018.02.17"]
[Round "7"]
[White "Nasuta, Grzegorz"]
[Black "Plat, Vojtech"]
[Result "1-0"]
[WhiteElo "2454"]
[BlackElo "2560"]
[Annotator "TA"]
[PlyCount "73"]
[EventDate "2018.??.??"]
[EventCountry "ENG"]
[SourceTitle "playchess.com"]
[Source "ChessBase"]
[SourceQuality "1"]

{[%evp 28,73,43,30,49,12,52,29,36,44,45,39,49,62,53,51,82,78,73,73,155,94,93,89,108,104,103,107,212,211,202,205,293,280,560,548,629,577,570,571,697,422,493,523,783,353,1710,1693]} 1. e4 d6 2. d4 Nf6 3. Nc3 e5 4. Nf3 Nbd7 5. Bc4 Be7 6. a4 O-O 7. O-O a5 8. h3 c6 9. Re1 exd4 10. Qxd4 Nb6 {C41: Philidor Defence} 11. Ba2 d5 12. exd5 Nfxd5 13. Nxd5 Nxd5 14. Bxd5 cxd5 15. Bf4 {[#] LiveBook: 4 Games} Ra6 $146 ({Predecessor:} 15... Bf5 16. c3 Be4 17. Nd2 Bg6 18. Nf1 {1-0 (38) Ragger,M (2680)-Kunin,V (2551) Minsk 2017}) 16. Rad1 Be6 17. Qd2 Qd7 18. b3 Rc8 19. Re3 b5 20. axb5 Qxb5 21. Nd4 Qd7 22. Qe2 Rb6 23. c4 {Black must now prevent cxd5.} Bf8 {[#]} (23... Bc5 $142) 24. Nxe6 (24. Re5 $142 $1) 24... fxe6 $16 25. Qg4 $36 {[%mdl 2048] Strongly threatening Rxd5! Black is under strong pressure.} Rb7 26. Rxe6 h5 27. Qf5 d4 {[#]} (27... Qf7 $16 28. Rxd5 Qxf5 29. Rxf5 Rxb3 30. Rxa5 Rxc4) 28. Qe4 $1 $18 Rxb3 29. Rxd4 Qf7 (29... Rb1+ {was worth a try.} 30. Kh2 (30. Qxb1 Qxe6 31. Be3 a4 $16) 30... Qb7) 30. Re5 {Hoping for Rf5.} Qb7 $2 (30... Rb6 31. Rxa5 Re6) 31. Rdd5 Rb6 32. Rxh5 {Threatening mate with Qh7+.} g6 33. Rhg5 Qf7 34. Be3 Re6 35. Qd3 a4 36. Rdf5 (36. Rd7 $142 Be7 37. Ra5) 36... Qxf5 $2 (36... Qe8 37. Ra5 Bh6) 37. Qxf5 {Precision: White = 71%, Black = 33%.} 1-0

[Event "Northumbria Masters 2018"]
[Site "Newcastle upon Tyne"]
[Date "2018.02.17"]
[Round "7"]
[White "Percivaldi, Martin"]
[Black "Raetsky, Alexander"]
[Result "1/2-1/2"]
[WhiteElo "2395"]
[BlackElo "2362"]
[Annotator "TA"]
[PlyCount "75"]
[EventDate "2018.??.??"]
[EventCountry "ENG"]
[SourceTitle "playchess.com"]
[Source "ChessBase"]
[SourceQuality "1"]

{[%evp 20,75,49,22,30,39,49,27,42,12,25,0,0,-11,0,0,13,-12,-17,-20,0,0,9,-9,14,0,0,0,0,0,0,0,0,0,0,0,0,0,0,0,0,0,0,0,0,0,0,-33,0,0,0,0,0,0,0,0,0,0]} 1. Nf3 d5 2. d4 Nf6 3. c4 dxc4 4. e3 Bg4 5. Bxc4 e6 6. Nc3 a6 7. h3 Bh5 8. g4 Bg6 9. Ne5 Nbd7 10. Nxg6 hxg6 11. Qf3 c6 {D22: Queen's Gambit Accepted: 3 Nf3 a6 4 e3} (11... b5 12. Bb3 c5 13. g5 Ng8 14. d5 e5 15. Ne4 c4 16. Bc2 Nb6 17. d6 Bxd6 18. Bd2 Be7 19. O-O-O {1-0 (34) Matlakov,M (2653)-Hasangatin,R (2496) Loo 2013}) 12. Bb3 Nd5 13. Bd2 Bd6 {White has an edge.} 14. Ne4 $146 ({Predecessor:} 14. O-O-O a5 15. e4 Nxc3 16. Bxc3 b5 17. Kb1 a4 18. Bxe6 fxe6 19. e5 {½-½ (40) Javanbakht,N (2406)-Asgarizadeh,A (2171) Zahedan 2012}) 14... Be7 (14... Bc7 {feels hotter.} 15. O-O-O g5 16. Kb1 Qe7 17. Ng3 O-O-O) 15. Qg3 (15. h4 {with more complications.} a5 16. g5 a4 17. Bc4 e5 18. h5) 15... N7f6 16. Nxf6+ Nxf6 17. Qf3 Qb6 18. Rc1 a5 {[%cal Ba6a5,Ba5a4][%mdl 32]} 19. Rc2 a4 20. Bc4 a3 21. b3 Bb4 22. O-O Bxd2 23. Rxd2 Qa5 24. Rfd1 Nh7 25. h4 Nf6 26. g5 Nd5 $1 {[%cal Rd5c3]} 27. Bxd5 cxd5 28. Rc2 Rxh4 29. Qg3 Rh5 30. Qe5 Kf8 31. Rdc1 {[#] Rc8+ is the strong threat.} Kg8 $1 32. Kg2 Kh7 33. Qg3 Ra6 34. Rc7 {The position is equal.} Rc6 $1 {[%cal Rc6c1]} 35. R1xc6 bxc6 36. Rxf7 {Threatening mate with Qe5.} Qe1 {[%csl Gh5][%cal Re1h1] [#]} 37. Rxg7+ $1 {[%mdl 512]} Kxg7 {[%csl Gh5][%cal Re1h1]} 38. Qe5+ {Precision: White = 64%, Black = 55%.} 1/2-1/2

[Event "Northumbria Masters 2018"]
[Site "Newcastle upon Tyne"]
[Date "2018.02.17"]
[Round "7"]
[White "Muir, Andrew J"]
[Black "Merry, Alan B"]
[Result "0-1"]
[WhiteElo "2286"]
[BlackElo "2438"]
[Annotator "TA"]
[PlyCount "164"]
[EventDate "2018.??.??"]
[EventCountry "ENG"]
[SourceTitle "playchess.com"]
[Source "ChessBase"]
[SourceQuality "1"]

{[%evp 18,164,53,47,72,41,90,92,105,43,69,29,25,10,42,39,45,31,45,38,41,30,31,17,39,8,39,0,41,0,37,39,41,37,33,25,35,6,31,13,14,13,43,22,58,0,52,25,38,0,0,0,0,0,0,0,0,-5,-7,-15,-14,-15,-15,-22,-15,-28,-28,-29,-34,-44,-33,-29,-29,-45,-44,-45,-42,-53,-54,-55,-60,-129,-83,-120,-37,-60,-46,-102,-76,-64,0,-44,0,-112,-47,-167,-94,-141,-110,-106,-104,-121,-108,-194,-103,-95,-90,-242,-228,-194,-94,-94,-101,-104,-113,-112,-98,-82,-81,-165,-104,-239,-223,-388,-366,-819,-795,-827,-812,-891,-866,-741,-848,-844,-828,-694,-354,-382,-382,-362,-350,-519,-519,-714,-678,-29979,-29980,-29975,-11800]} 1. d4 Nf6 2. c4 g6 3. Nc3 Bg7 4. e4 d6 5. f3 a6 6. Be3 O-O 7. Qd2 Nc6 8. Nge2 Bd7 9. Nc1 e5 {E83: King's Indian: Sämisch Panno (6...Nc6): Lines without either Nge2 or Qd2} (9... Nh5 10. Nb3 a5 11. d5 Ne5 12. Be2 f5 13. exf5 gxf5 14. f4 Ng4 15. Bxg4 fxg4 16. O-O g3 17. h3 {0-1 (37) Vovk,Y (2611)-Smirin,I (2658) Kishinev 2016}) 10. d5 {LiveBook: 4 Games} Ne7 11. g4 $146 ({Predecessor:} 11. Bd3 Ne8 12. N1e2 Kh8 13. O-O-O c6 14. Kb1 cxd5 15. cxd5 f5 16. Rc1 Nf6 17. h3 {1-0 (63) Zsinka,L (2336)-Fruehauf,N (2102) Oberwart 2000}) 11... Ne8 {White is slightly better.} 12. h4 f5 13. g5 ({White should try} 13. gxf5 $16 gxf5 14. h5) 13... c5 14. Bd3 Rf7 15. N1e2 f4 16. Bf2 Bf8 17. a3 Ng7 18. b4 b6 19. b5 Nh5 20. a4 h6 21. gxh6 Rh7 22. O-O-O Rxh6 23. Kb2 Bg7 24. bxa6 Rxa6 25. Kb3 Bf6 26. Nb5 Nc8 27. Ra1 Kf7 28. Qe1 Ng7 29. Nec3 Ke7 30. Qg1 Qh8 31. Qe1 (31. Bf1 $14) 31... Ne8 (31... Qd8 $11) 32. Rb1 Qh7 33. Ra1 Ra8 34. Rb1 Kf8 35. Ra1 Ne7 {[%cal Bc8e7,Be7g8,Bg8h6,Bh6f7,Bf7d8,Bd8b7,Bb7a5][%mdl 32]} 36. Rb1 Ng8 37. Ra1 Rh5 38. Rb1 Nh6 39. Qg1 Nf7 40. Qe1 Nd8 41. Ra1 Nb7 42. Kc2 Na5 43. Rb1 Be7 44. Be2 Rb8 45. Bd3 Rb7 46. Be2 Bd8 47. Kd3 Qh8 48. Kc2 Bc8 49. Qg1 (49. Kb2 $15) 49... Rg7 50. Na3 Kf7 (50... Rgh7 $17 51. Bf1 g5) 51. Qe1 Bd7 52. Bd3 ({Better is} 52. Rg1 $15) 52... Rgh7 53. Rg1 R7h6 (53... Kf8 $15) 54. Be2 Kf8 55. Bf1 (55. Rb2 $11 {keeps the balance.}) 55... Qh7 ({Black should play} 55... Bxh4 $17 56. Bxh4 Rxh4) 56. Bg2 ({White must play} 56. Be2 $15) 56... Bc8 ({But not} 56... Bxh4 57. Bxh4 Rxh4 58. Rxb6 $15) (56... g5 $19 {[%cal Rg5h4]} 57. hxg5 Rxg5) 57. Qf1 Bxh4 58. Bxh4 Rxh4 59. Rxb6 Rh2 60. Kb1 {[#]} (60. Nab1 $17) 60... Qc7 (60... Bh3 $1 $19 {[%cal Rh3g2] Threatens to win with ...Bxg2.} 61. Nd1 Rxg2 62. Rxg2 Bxg2 63. Qxg2 Rh2) 61. Rb2 $17 g5 62. Rh1 $2 {[#]} (62. Qd1 $17) 62... Rxh1 $1 $19 63. Bxh1 Nf6 (63... g4 $19 {and Black stays clearly on top. aiming for ...Qh7.} 64. fxg4 Bxg4) 64. Ncb5 $17 Qd8 65. Qg1 Ke7 66. Bg2 g4 67. fxg4 Bxg4 68. Qf1 (68. Ka2 $17 {was called for.}) 68... Bh5 (68... Bc8 $19 69. Ka2 Bd7) 69. Nc3 (69. Ka2 $17) 69... Rg6 70. Ne2 $2 (70. Qe1) 70... Qd7 71. Rb5 $2 (71. Nb5) 71... Qg4 $1 $19 {[%csl LRe2,LRg2]} 72. Bh3 Qxe2 73. Qxe2 Bxe2 74. Rxa5 Rg3 75. Ra7+ Kf8 76. Be6 Rxa3 77. Rf7+ Ke8 78. Rxf6 {If only White now had time for Bf5....} Rxa4 79. Bf5 (79. Bh3 $142 Rb4+ 80. Kc2) 79... f3 {[%cal Bf4f3,Bf3f2][%mdl 32]} 80. Rxd6 f2 81. Re6+ Kf7 82. Bh3 Bg4 {Precision: White = 27%, Black = 53%.} 0-1

[Event "Northumbria Masters 2018"]
[Site "Newcastle upon Tyne"]
[Date "2018.02.17"]
[Round "7"]
[White "Kanakova, Natalie"]
[Black "Hunt, Adam C"]
[Result "1/2-1/2"]
[WhiteElo "2245"]
[BlackElo "2416"]
[Annotator "TA"]
[PlyCount "102"]
[EventDate "2018.??.??"]
[EventCountry "ENG"]
[SourceTitle "playchess.com"]
[Source "ChessBase"]
[SourceQuality "1"]

{[%evp 26,102,21,21,16,12,46,43,54,0,14,-72,95,80,85,79,165,164,171,184,178,177,191,206,192,157,175,154,161,164,208,99,114,108,114,0,0,-6,0,0,0,0,0,0,0,-112,-108,-104,-10,-11,-10,-10,-6,-20,0,0,0,0,0,-47,0,-18,-15,-14,-19,-6,-7,-6,0,0,-4,-5,0,0,0,0,0,0,0]} 1. e4 c5 2. Nf3 d6 3. d4 cxd4 4. Nxd4 Nf6 5. Nc3 a6 6. Be2 e5 7. Nb3 Be7 8. O-O O-O 9. Qd3 Nc6 {B92: Sicilian Najdorf: 6 Be2} 10. a3 Be6 11. Nd5 Rc8 12. Be3 Bxd5 13. exd5 e4 14. Qd2 {LiveBook: 3 Games} Ne5 15. Rac1 {[#]} g6 $146 ({Predecessor:} 15... Re8 16. c4 Nfd7 17. h3 h6 18. Nd4 {½-½ (34) Cornejo,W (2551)-Dronov,A (2680) ICCF email 2011}) 16. c4 Re8 17. Nd4 Nfd7 18. b4 {[#]} (18. f3 $11) 18... Bf6 $2 (18... Nb6 $1 $17 {and life is bright.}) 19. Nb3 $16 b6 20. a4 $36 {[%mdl 2048] White has strong initiative.} Qc7 (20... a5 $16 {keeps fighting.}) 21. a5 $18 bxa5 22. Nxa5 Bd8 23. Ra1 Rb8 24. Rfc1 Be7 25. Qc3 Nb6 26. Bd4 Bg5 27. Rc2 Ra8 28. Bxb6 (28. Qb3 $18 {is more deadly.}) 28... Qxb6 $16 29. c5 Qc7 30. Nb3 ({White should play} 30. c6 $16) 30... Bf6 $11 {[#] Threatens to win with ...Nf3+!} 31. Nd4 Nd3 32. Bxd3 exd3 33. Qxd3 {And now Rb1 would win.} dxc5 34. bxc5 Qe5 $1 {[%csl LRd4,LRd5]} 35. Rc4 (35. d6 $11 Qxd4 36. Qxd4 Bxd4 37. Rd1) 35... Qxd5 $17 36. Rd1 Rac8 (36... Re4 $17 {Hoping for ...Rd8.} 37. f3 Rxd4 38. Rxd4 Qxc5) 37. Nf3 $11 Qxd3 38. Rxd3 Re6 39. Kf1 Be7 40. Nd4 Re5 41. c6 {Strongly threatening c7.} Rd5 42. Ke2 Rd6 43. c7 {With the idea Rb3.The position is equal.} Rd7 44. Rc6 Rcxc7 45. Rxa6 Kg7 46. Ra2 Bf6 47. Rad2 {Ne6+! is the strong threat.} Re7+ 48. Kf3 Rc4 49. g3 Re5 50. Kg2 Rd5 {[%cal Rd5d4]} 51. Nf3 Rxd3 {Precision: White = 57%, Black = 52%.} 1/2-1/2

[Event "Northumbria Masters 2018"]
[Site "Newcastle upon Tyne"]
[Date "2018.02.18"]
[Round "8"]
[White "Donchenko, Alexander"]
[Black "Lalic, Bogdan"]
[Result "1-0"]
[WhiteElo "2583"]
[BlackElo "2401"]
[Annotator "TA"]
[PlyCount "107"]
[EventDate "2018.??.??"]
[EventCountry "ENG"]
[SourceTitle "playchess.com"]
[Source "ChessBase"]
[SourceQuality "1"]

{[%evp 15,107,18,16,17,38,14,6,0,3,0,0,0,0,0,0,0,0,-23,0,-8,0,0,0,-10,0,-12,-12,-27,0,-8,0,0,0,0,16,14,17,2,25,16,106,104,100,102,186,170,187,187,184,185,202,186,175,118,231,231,223,230,223,223,267,264,266,277,240,228,252,256,312,306,292,291,310,335,425,422,378,283,284,279,488,498,784,756,993,857,791,638,610,577,575,568,551,516]} 1. d4 Nf6 2. c4 g6 3. g3 c6 4. Bg2 d5 5. Qa4 Bg7 6. cxd5 Nxd5 7. Nf3 O-O 8. O-O Nd7 {[%cal Bb8d7,Bd7f6,Bf6e4][%mdl 32] LiveBook: 8 Games. A11: English Opening: 1...c6} (8... Bf5 9. Nbd2 Nb6 10. Qa5 Qd5 11. Qa3 Qd6 12. b3 Na6 13. e4 Bd7 14. Bb2 Rfe8 15. Rad1 Rad8 16. Qa5 {½-½ (47) Grischuk,A (2761)-Vachier Lagrave,M (2796) Paris 2017}) 9. Rd1 N7f6 10. Nbd2 $146 ({Predecessor:} 10. Nc3 Qb6 11. Bd2 Bf5 12. Qa3 Rac8 13. Be1 Nxc3 14. bxc3 c5 15. Ne5 cxd4 16. cxd4 {½-½ (25) Cherniaev,A (2429)-Doggers,P (2215) Triesen 2014}) 10... Bf5 {The position is equal.} 11. Re1 Ne4 12. Nh4 Nb6 13. Qc2 Nxd2 $1 14. Nxf5 gxf5 15. Bxd2 Qxd4 16. Be3 Qxb2 17. Qxf5 {aiming for Be4!} Qf6 18. Qc5 Rfd8 19. Rab1 Rd7 20. Rec1 Nd5 {[#] White must now prevent ...Nc3.} 21. Bd2 Qe6 22. Bf3 Nf6 23. Qc2 Rad8 24. Be3 a6 25. a4 Nd5 26. Bd2 Bh6 27. e4 Nc7 (27... Bxd2 $11 28. Qxd2 Nf6) 28. Bxh6 $16 Qxh6 29. Rxb7 Rd2 {[#]} (29... Qf6 $16 30. Bg4 Ne6 31. Rxd7 (31. Qxc6 $2 Rxb7 32. Qxb7 Qg5 $19) 31... Rxd7) 30. Qc5 $1 $36 {[%mdl 2048] White is really pushing.} (30. Qxc6 $6 Rd1+ 31. Bxd1 Rxd1+ 32. Kg2 Qxc1 $14) 30... Qf6 31. Qf5 (31. Rxc7 $2 Qxf3 32. Rc8 Rd1+ 33. Rxd1 Qxd1+ 34. Kg2 Rxc8 $19) 31... Qxf5 32. exf5 R8d3 33. Bxc6 (33. Rxc7 Rxf3 34. Rf1 (34. Rxe7 Rfxf2 35. f6 Rxf6 $15) 34... Rxf5 $11) 33... Nd5 34. Ra7 ({White should try} 34. Rc4 $18 {Rg4+ would kill now.} Kg7 35. Rg4+ Kh6 36. Re4) 34... Nb4 (34... Ra3 $16 35. Bxd5 (35. Rxa6 Nb4 $18) 35... Rxd5) 35. Be4 Rd7 36. Rxd7 Rxd7 {[%mdl 4096] Endgame KRB-KRN} 37. Rc4 a5 38. Rc5 Rd4 39. f3 Na2 40. Rxa5 Nc3 41. Bc6 Rc4 42. Ra6 Rc5 43. g4 {[%cal Bg3g4,Bg4g5][%mdl 32]} Re5 44. a5 {[%cal Ba4a5,Ba5a6][%mdl 32]} Re2 45. Ra7 Kg7 46. a6 Ra2 47. g5 Ne2+ $2 (47... h6 48. f6+ (48. Rxe7 Rxa6 49. gxh6+ Kxh6 $18) 48... exf6 49. gxh6+ Kxh6) 48. Kf1 {White is clearly winning.} Nd4 (48... Nf4 $142 49. h4 Ra5) 49. Be4 Ra5 50. Rxe7 Nxf5 51. Rd7 Ne3+ 52. Kf2 Nc4 53. a7 Nb6 54. Rc7 {Precision: White = 68%, Black = 39%.} 1-0

[Event "Northumbria Masters 2018"]
[Site "Newcastle upon Tyne"]
[Date "2018.02.18"]
[Round "8"]
[White "Plat, Vojtech"]
[Black "Abdulla, Murad"]
[Result "1-0"]
[WhiteElo "2560"]
[BlackElo "2260"]
[Annotator "TA"]
[PlyCount "141"]
[EventDate "2018.??.??"]
[EventCountry "ENG"]
[SourceTitle "playchess.com"]
[Source "ChessBase"]
[SourceQuality "1"]

{[%evp 19,141,55,81,-11,0,0,49,45,40,24,53,18,29,27,20,35,39,25,33,-14,16,0,0,0,2,10,9,6,10,3,31,32,31,0,12,0,6,6,36,28,98,98,98,93,102,102,102,102,102,102,102,102,102,102,102,102,116,102,147,147,147,147,147,140,134,132,123,118,118,118,118,116,127,118,118,114,114,114,137,120,122,112,116,115,115,110,107,106,109,106,110,0,111,104,109,94,102,108,220,103,345,337,311,304,360,334,407,406,418,400,403,346,1195,1147,29972,29974,29972,29974,29983,29984,29988,29989,29989,29990]} 1. d4 Nf6 2. c4 g6 3. g3 c6 4. Bg2 d5 5. Qa4 Bg7 6. cxd5 Nxd5 7. Nf3 O-O 8. O-O Nd7 9. e4 N5b6 10. Qc2 e5 {LiveBook: 6 Games} 11. Be3 $146 {A11: English Opening: 1...c6} ({White should try} 11. a4 $16) ({Predecessor:} 11. Bg5 Qe8 12. a4 h6 13. Be3 exd4 14. Bxd4 Bxd4 15. Nxd4 Qe5 16. Rd1 Qc5 17. a5 Qxc2 18. Nxc2 Nc4 {1-0 (41) Cernousek,L (2434)-Neuman,P (2471) Slovakia 2013}) 11... exd4 $11 12. Bxd4 Qe7 13. Bxg7 {White is slightly better.} Kxg7 14. Nbd2 {[%cal Bb1d2,Bd2f3,Bf3d4][%mdl 32]} Qc5 15. Qb1 Ne5 16. b4 Nxf3+ 17. Nxf3 Qe7 18. Qb2+ Kg8 19. Rfe1 Be6 20. Nd4 Rfd8 21. a4 Rd7 22. b5 $40 {[%mdl 128] White is up to no good.} Rad8 23. Nxe6 Qxe6 24. bxc6 Qxc6 25. Qb5 Qe6 26. a5 Nc4 27. e5 b6 28. axb6 Nxb6 29. Qf1 {Black must now prevent Bh3.} Qc4 (29... Re7 $11 {keeps the balance.}) 30. Qxc4 $16 Nxc4 31. e6 fxe6 {[#]} 32. Bh3 $1 {[%cal Rh3e6]} Nd2 33. Bxe6+ Kf8 34. Bxd7 Nf3+ 35. Kf1 Nxe1 36. Rxa7 {[%mdl 4096] Endgame KRB-KRN} Nf3 37. Be6 {Strongly threatening Rf7+.} Ng5 38. Bb3 Rd2 39. h4 Ne4 40. Rf7+ (40. Rxh7 $6 Rxf2+ 41. Ke1 Rf3 $11) 40... Ke8 41. Rf4 (41. Rxh7 $6 Rxf2+ 42. Kg1 Rf3 $11) 41... Nc5 42. Bg8 Rd7 43. Rc4 Nb7 44. Rc8+ Nd8 45. Kg2 h6 46. Ra8 Kf8 47. Bb3 {Ra6 is the strong threat.} Kg7 48. Ba4 Rd4 49. Ra7+ Kf8 50. Bb3 Rd3 51. Bc4 Rd4 52. Rc7 Rd6 53. Rh7 Rc6 54. Bb5 (54. Rxh6 $2 Kg7 $19) 54... Rb6 55. Bc4 {And now Rh8+ would win.} (55. Rxh6 $2 Kg7 $19) 55... Rc6 $1 56. Bb3 {aiming for Rh8+.} (56. Rxh6 $2 Kg7 $19) 56... Rb6 57. Rh8+ (57. Rxh6 $2 Kg7 $19) 57... Ke7 58. Bc4 ({But not} 58. Rxh6 $6 Rxb3 59. Rxg6 Ne6 $11) 58... Rb4 {[#]} (58... Rc6 $16) 59. Bg8 ({Not} 59. Rxh6 Rxc4 60. Rxg6 Kf7 $14) (59. Rh7+ $1 $18 {is more deadly.} Kf6 60. Bd5) 59... Kf6 $2 (59... Rb6 $16 60. Rh7+ (60. Rxh6 Kf8 $16) 60... Kf8) 60. Bd5 $18 Rb8 61. h5 gxh5 62. Rxh6+ Kg7 63. Rxh5 Rb5 64. Rg5+ Kf6 65. f4 {[%cal Bf2f4,Bf4g5,Bg5g6][%mdl 32]} Nf7 $2 (65... Ke7 66. Kf3 Kd6) 66. Bxf7 Rxg5 67. fxg5+ {White mates.} Kxf7 68. Kf3 Kg6 69. Kg4 Kg7 70. Kf5 Kf7 71. g6+ {Precision: White = 62%, Black = 49%.} 1-0

[Event "Northumbria Masters 2018"]
[Site "Newcastle upon Tyne"]
[Date "2018.02.18"]
[Round "8"]
[White "Vakhidov, Jakhongir"]
[Black "Percivaldi, Martin"]
[Result "1-0"]
[WhiteElo "2532"]
[BlackElo "2395"]
[Annotator "TA"]
[PlyCount "59"]
[EventDate "2018.??.??"]
[EventCountry "ENG"]
[SourceTitle "playchess.com"]
[Source "ChessBase"]
[SourceQuality "1"]

{[%evp 16,59,50,48,37,40,54,48,49,60,69,71,99,124,208,202,268,44,35,22,32,31,47,62,81,67,67,64,52,-67,15,-63,472,466,1124,1111,1111,1104,1081,623,1153,132,918,800,782,745]} 1. d4 Nf6 2. c4 e6 3. g3 d5 4. Bg2 Bb4+ 5. Bd2 (5. Nd2 O-O 6. Ngf3 b6 7. O-O Bb7 8. b3 c5 9. Bb2 Nbd7 10. a3 Bxd2 11. Nxd2 cxd4 12. Bxd4 Rc8 13. b4 Qe7 14. Rc1 Rfd8 15. Qb3 dxc4 16. Nxc4 Bxg2 17. Kxg2 {0-1 (55) Ding,L (2777)-Carlsen,M (2837) Riadh 2017}) 5... Bd6 6. Nc3 {E01: Catalan: Early deviations} c6 7. e4 dxe4 8. Nxe4 Nxe4 9. Bxe4 {LiveBook: 6 Games} O-O 10. Nf3 Nd7 11. O-O $146 ({Predecessor:} 11. Qc2 Nf6 12. Bd3 b6 {1-0 (32) Donchenko,A (2581)-Tarjan,J (2420) Douglas 2016}) 11... h6 12. Bc3 Qc7 13. Re1 b6 14. d5 exd5 (14... cxd5 $16 {might work better.} 15. cxd5 f5) 15. cxd5 $18 f5 {[#]} 16. Nd4 $2 (16. dxc6 fxe4 17. cxd7 Bxd7 $16) (16. Bc2 $1 $18) 16... fxe4 $14 17. Ne6 $40 {[%mdl 128] White is up to no good.} Qb7 $1 18. Bxg7 Nf6 $1 (18... cxd5 $2 19. Bxf8 Ne5 20. Nd8 $18 (20. Bxd6 Nf3+ 21. Qxf3 exf3 $16)) 19. Bxf8 Bxf8 20. Nxf8 Kxf8 21. Qd4 Kf7 22. Rac1 ({White should try} 22. dxc6 $14 Qxc6 23. Rac1) 22... Bd7 ({Black should play} 22... c5 $15 23. Qd2 Qxd5 24. Qxd5+ Nxd5 25. Rxe4 Nf6) 23. Rxe4 (23. dxc6 $11 Bxc6 24. Red1) 23... Nxe4 $4 {[%mdl 8192] [#]} ({Don't go for} 23... Nxd5 $2 24. Rh4 $18) (23... c5 $1 $15 {stays ahead.} 24. Qe3 Nxe4 25. Qxe4 Kg7 26. Qe5+ Kg8) 24. Qxe4 $18 Re8 (24... Rh8 $142 25. Qf4+ (25. dxc6 Qc8 $18) 25... Kg7 26. Qe5+ Kg8 27. dxc6 Qc8) 25. Qh7+ Kf8 26. Qxh6+ Kf7 27. Qh5+ Kf6 28. h4 $2 (28. dxc6 $18 {and the rest is easy.} Qc8 29. Qh6+ Ke7 30. cxd7 Qxd7 31. h4) 28... Qb8 $2 {[%mdl 8192]} (28... cxd5 $16 29. Qh6+ Kf7) 29. Qh6+ Ke7 30. Qg7+ {Precision: White = 31%, Black = 25%.} 1-0

[Event "Northumbria Masters 2018"]
[Site "Newcastle upon Tyne"]
[Date "2018.02.18"]
[Round "8"]
[White "Gormally, Daniel W"]
[Black "Eggleston, David J"]
[Result "1/2-1/2"]
[WhiteElo "2483"]
[BlackElo "2409"]
[Annotator "TA"]
[PlyCount "87"]
[EventDate "2018.??.??"]
[EventCountry "ENG"]
[SourceTitle "playchess.com"]
[Source "ChessBase"]
[SourceQuality "1"]

{[%evp 25,87,19,60,17,18,25,20,0,15,0,22,10,21,6,27,0,-12,-3,8,0,0,0,0,0,0,-25,-21,-38,-35,-34,-50,-38,-12,-7,-5,-7,0,0,16,0,0,-36,0,0,0,0,0,-44,-38,-51,0,0,0,0,0,0,0,0,0,0,0,0,0,0]} 1. d4 Nf6 2. Nf3 b6 3. c4 e6 4. g3 Bb7 5. Bg2 Be7 6. O-O O-O 7. Nc3 d5 8. cxd5 exd5 9. Ne5 Na6 10. b3 c5 11. Bb2 Nc7 {E17: Damenindisch (Hauptfortsetzung)} 12. Rc1 Ne6 13. e3 Re8 {LiveBook: 3 Partien} 14. Qd3 $146 ({Vorgänger:} 14. Ne2 Bd6 15. Nf4 cxd4 16. Nxe6 Rxe6 17. exd4 Re7 {½-½ (28) Thejkumar,M (2491)-Mitrabha,G (2301) New Delhi 2017}) 14... cxd4 15. exd4 Rc8 16. Rfe1 Bf8 17. Re2 Ng5 18. f3 a6 19. Rec2 Ne6 {...Sxd4! ist eine echte Drohung.} 20. Kh1 b5 21. Bh3 Qb6 22. Ne2 Rxc2 23. Rxc2 b4 24. Qd2 a5 25. Qc1 Bd6 26. Bxe6 Rxe6 27. Kg2 Re8 28. Nf4 {[#]} a4 $1 {[%mdl 512]} 29. bxa4 Qa6 30. Nfd3 Qxa4 31. Nc5 Qb5 32. Nxb7 Qxb7 33. Rc6 Bf8 34. Rc7 Qa6 35. Rxf7 Qxa2 36. Kh3 Qa6 37. Rc7 Qb5 ({Besser ist} 37... Re6 $1 $15) 38. Kg2 $11 {Die Stellung ist ausgeglichen.} b3 39. Ba3 Bxa3 {[#]} 40. Rxg7+ $3 {[%mdl 512]} Kxg7 41. Qg5+ Kf8 42. Qxf6+ Kg8 43. Qg5+ Kf8 44. Qf6+ {Precision: Weiß = 35%, Schwarz = 48%.} 1/2-1/2